Python GUI Programming Cookbook (Record no. 348163)

MARC details
000 -LEADER
fixed length control field 00550nam a2200181Ia 4500
008 - FIXED-LENGTH DATA ELEMENTS--GENERAL INFORMATION
fixed length control field 230718s9999 xx 000 0 und d
020 ## - INTERNATIONAL STANDARD BOOK NUMBER
International Standard Book Number 9781787129450
041 ## - LANGUAGE CODE
Language code of text/sound track or separate title eng
082 ## - DEWEY DECIMAL CLASSIFICATION NUMBER
Classification number 005.13'3
Item number MEI
100 ## - MAIN ENTRY--PERSONAL NAME
Personal name Meier B.A.
9 (RLIN) 201004
245 ## - TITLE STATEMENT
Title Python GUI Programming Cookbook
Remainder of title Develop Beautiful And Powerful GUIs Using The Python Programming Language
250 ## - EDITION STATEMENT
Edition statement 2nd ed.
260 ## - PUBLICATION, DISTRIBUTION, ETC. (IMPRINT)
Date of publication, distribution, etc. 2017
Name of publisher, distributor, etc. Packt
300 ## - PHYSICAL DESCRIPTION
Extent 421
365 ## - TRADE PRICE
Currency code Rs.
Price amount 1199.00
700 ## - ADDED ENTRY--PERSONAL NAME
Personal name Meier B.A.
9 (RLIN) 201004
906 ## - LOCAL DATA ELEMENT F, LDF (RLIN)
d O:0604018-Aug-2018B:IN27325-Jul-2018
c COMP
b 239.8
Holdings
Withdrawn status Lost status Damaged status Not for loan Home library Current library Date acquired Vendor Budget Code Cost, normal purchase price Bill number Total Checkouts Full call number Barcode Date last seen Date last checked out Discount Cost, replacement price Bill Date Koha item type Original Barcode
        Cummins College of Engineering for Women Pune Cummins College of Engineering for Women Pune 18/08/2018 Pradeep Book Distributors COMP 959.20 IN273 3 005.13'3 CCEP-BK-59370 22/04/2024 08/04/2024 239.8 1199.00 25/07/2018 Books 059370